000 00566cam a22002053a 4500
001 36197
003 PGUSA
005 20140828083800.0
008 110523s2011||||xxu|||||s|||||000 | eng d
040 _aPGUSA
_beng
042 _adc
100 1 _aPacker, George Nichols
245 1 0 _aOur Calendar
_h[electronic resource] /
_cGeorge Nichols Packer
260 _bProject Gutenberg,
_c2011
506 _aPublic domain in the USA.
516 _aElectronic text
830 0 _aProject Gutenberg
_v36197
856 4 0 _uhttp://www.gutenberg.org/ebooks/36197
942 _cEB
999 _c265452
_d265452